Robbins basic pathology / (Record no. 8109)

MARC details
000 -LEADER
fixed length control field 01746cam a2200217 i 4500
020 ## - INTERNATIONAL STANDARD BOOK NUMBER
ISBN 9780323353175
020 ## - INTERNATIONAL STANDARD BOOK NUMBER
ISBN 0323353177
050 04 - CALL NUMBER
Classification number RB111
Item number .R56
100 ## - AUTHOR
Personal name Kumar, Vinay (Ed.)
245 00 - TITLE
Title Robbins basic pathology /
Statement of responsibility, etc edited by Vinay Kumar, Abul K. Abbas, Jon C. Aster ; artist, James A. Perkins.
250 ## - EDITION
Edition statement Tenth edition.
260 ## - PUBLICATION INFORMATION
Place of publication Philadelphia, Pa. :
Name of publisher Elsevier,
Year of publication 2018
300 ## - DESCRIPTION
Number of Pages xiv, 935 pages ;
Dimensions 29 cm.
440 ## - SERIES
SERIES ClinicalKey.
500 ## - NOTES
General note Includes Index
505 0# - FORMATTED CONTENTS NOTE
Table of Content The cell as a unit of health and disease / Richard. N. Mitchell -- Cell injury, cell death, and adaptations -- Inflammation and repair -- Hemodynamic disorders, thromboembolism, and shock -- Diseases of the immune system -- Neoplasia -- Genetic and pediatric diseases / Anirban Maitra -- Environmental and nutritional diseases -- General pathology of infectious diseases / Alexander J. McAdam, Karen M. Frank -- Blood vessels / Richard N. Mitchell -- Heart / Richard N. Mitchell -- Hematopoietic and lymphoid systems -- Lung / Aliya Noor Husain -- Kidney and its collecting system / Anthony Chang, Zoltan Laszik -- Oral cavity and gastrointestinal tract / Jerrold R. Turner, Mark W. Lingen -- Liver and gallbladder / Neil D. Theise -- Pancreas / Anirban Maitra -- Male genital system and lower urinary tract / Jonathan Epstein, Tamara L. Lotan -- Female genital system and breast / Lora Hedrick Ellenson, Susan C. Lester -- Endocrine system / Anirban Maitra -- Bones, joints, and soft tissue tumors / Andrew Horvai -- Peripheral nerves and muscles / Peter Pytel -- Central nervous system / Matthew P. Frosch -- Skin / Alexander J.F. Lazar.
650 #0 - SUBJECTS
Topical Term Pathology.
700 1# - OTHER AUTHORS
Personal name Abbas, Abul K.,
700 1# - OTHER AUTHORS
Personal name Aster, Jon C.,
942 ## - ADDED ENTRY ELEMENTS (KOHA)
Koha item type Books
Holdings
Withdrawn status Lost status Home library Current library Shelving location Date acquired Source of acquisition Cost, normal purchase price Full call number Accession Number Koha item type Collection code
    Methodist University Library Main Methodist University Library Main General Stacks 25/11/2021 University Of Ghana Bookshop 350.00 RB111 .R56 8411 Books  
    Methodist University Library Main Methodist University Library Main General Stacks 25/11/2021 University Of Ghana Bookshop 350.00 RB111 .R56 8410 Books  
    Methodist University Library Tema Methodist University Library Tema General Stacks 18/07/2022     RB111 .R56 8614 Books Reference
    Methodist University Library Tema Methodist University Library Tema General Stacks 18/07/2022     RB111 .R56 8615 Books Reference
Copyright © 2026  MUG Library